Memoir of John Howe Peyton in sketches by his contemporaries, together with some of his public and private letters, etc., also a sketch of Ann M. Peyton

Saved in:
Bibliographic Details
Format: Electronic eBook
Language:English
Published: Project Gutenberg, 2011
Series:Project Gutenberg 38007
Online Access:http://www.gutenberg.org/etext/38007
Rights
Tags: Add Tag
No Tags, Be the first to tag this record!
Call Number :

MARC

LEADER 00000cam a22000003a 4500
001 72177
003 MY-KLNDU
005 20241219033709.0
008 210402s2011||||xxu|||||s|||||000 i eng d
035 |a (PGUSA)38007 
039 9 |y 202104021644  |z VLOAD 
040 |a PGUSA  |b eng 
042 |a dc 
245 1 0 |a Memoir of John Howe Peyton in sketches by his contemporaries, together with some of his public and private letters, etc., also a sketch of Ann M. Peyton  |h [electronic resource] /  |c by Various 
260 |b Project Gutenberg,  |c 2011 
500 |a Project Gutenberg 
506 |a Freely available. 
516 |a Electronic text 
599 |a Dummy Record 
830 0 |a Project Gutenberg  |v 38007 
856 4 0 |u http://www.gutenberg.org/etext/38007 
856 4 2 |u http://www.gutenberg.org/license  |3 Rights 
999 |a vtls000081392  |c 72177  |d 72177